000 00656nam a22002297a 4500
005 20151229095839.0
008 060413s2007 maua b 001 0 eng
020 _a0072880082
020 _a9780072880083
020 _a0073229725
020 _a9780073229720
041 0 _aeng
080 _a510.2
100 1 _aRosen, Kenneth H.
245 1 0 _aDiscrete mathematics and its applications :
_cWith combinatorics and graph theory /
250 _a6th ed.
260 _aBoston :
_bMcGraw-Hill Higher Education,
_c2007.
300 _a974 f.:
_bme il.;
_c27 cm.
505 0 _aIndex: f. 956 - 974
650 0 _aMatematika
942 _2udc
_cBK
999 _c792
_d792